Métodos de análisis crítico del discurso /
Na minha lista:
| Autor principal: | |
|---|---|
| Outros Autores: | |
| Formato: | Texto |
| Publicado em: |
Barcelona:
Gedisa
|
| Assuntos: | |
| Tags: |
Adicionar Tag
Sem tags, seja o primeiro a adicionar uma tag!
|
MARC
| LEADER | 00000 a a2200000 04500 | ||
|---|---|---|---|
| 001 | 31077 | ||
| 003 | |||
| 040 | |||
| 020 | |a 84-7432-970-1 | ||
| 090 | |a 197301 | ||
| 100 | |a Wodak, Ruth | ||
| 245 | |a Métodos de análisis crítico del discurso / |c Ruth Wodak | ||
| 260 | |a Barcelona: |b Gedisa | ||
| 300 | |a 285 p. | ||
| 500 | |a Traducción de: Methods of Critical Discourse Analysis | ||
| 650 | |a DISCURSOS | ||
| 650 | |a ANALISIS DE CONTENIDO | ||
| 650 | |a LINGUISTICA | ||
| 650 | |a PODER POLITICO | ||
| 650 | |a IDEOLOGIAS | ||
| 650 | |a VALORES CULTURALES | ||
| 650 | |a TEORIA | ||
| 650 | |a COMUNICACION DE MASAS | ||
| 650 | |a PROCESAMIENTO DE TEXTOS | ||
| 650 | |a INVESTIGACION SOCIAL | ||
| 650 | |a METODOLOGIA | ||
| 700 | |a comp. |a Meyer, Michael |a comp. | ||
| 999 | |c 6858 |d 6858 | ||



